Capitulos de reformacion que su magestad se sirve de mandar guardar por esta ley, para el govierno del Reyno

Detalles Bibliográficos
Formato: Libro
Lenguaje:Undetermined
Spanish
Publicado: en Madrid : por Thomas Iunti, 1623.
Materias:
Colección:Banco de datos
Acervo:Biblioteca Palafoxiana. Colección bibliográfica
Descripción Física:22 h. ; f°
Tema general:Historia civil
Notas:Número de localización: 38311-P
LEADER 00595nam a2200169Ia 4500
008 150723s9999 xx 000 0 und d
041 0 |a spa 
050 0 |a PAFX K623 D6 
245 1 0 |a Capitulos de reformacion que su magestad se sirve de mandar guardar por esta ley, para el govierno del Reyno 
260 |a en Madrid : por Thomas Iunti, 1623. 
300 |a 22 h. ; f° 
500 |a Número de localización: 38311-P 
501 |a Encuadernado con 32 obras y 3 manuscritos 
650 1 0 |a Historia civil 
942 |c PALALIB 
943 |g Biblioteca Palafoxiana. Colección bibliográfica 
999 |c 1063048  |d 1063048